| 000 | 00547cam a2200229ua 4500 | ||
|---|---|---|---|
| 001 | 8406 | ||
| 005 | 20260515114330.0 | ||
| 008 | 150129n ii |||gr||||Z||||||eng | ||
| 020 | _a8182570569 | ||
| 040 | _cMAIN | ||
| 041 | _aeng | ||
| 082 | _a822 | ||
| 100 |
_aSen, S, _eAuthor. |
||
| 245 | 1 |
_aBernard Shaw pygmalion : _bCreative study / _cBy S. Sen . |
|
| 250 | _a3rd. | ||
| 260 |
_aNew Delhi: _bUnique, _c2008. |
||
| 300 | _a390p. | ||
| 653 | _aEnglish drama | ||
| 653 | _aPygmalion | ||
| 700 |
_aChopra, J. K., _eAuthor. |
||
| 942 | _cBK | ||
| 999 |
_c7509 _d7509 |
||